| 000 | 01163nam a2200337Ia 4500 | ||
|---|---|---|---|
| 003 | GCL | ||
| 005 | 20240530101851.0 | ||
| 008 | 140319s9999 xx 000 0 ara d | ||
| 040 |
_aGCL / _cGCL |
||
| 082 | 0 | 4 |
_a359.009 _bق/ج ت |
| 100 | 1 | _aجامعة الاسكندرية | |
| 245 | 1 | 0 |
_aتاريخ البحرية المصرية / _cجامعة الاسكندرية |
| 260 |
_a[S.N] : _bجامعة الاسكندرية ، _c1973 |
||
| 300 | _a798 ص | ||
| 650 | 0 | 4 | _aمصر |
| 650 | 0 | 4 | _aدولة المماليك |
| 650 | 0 | 4 | _aالدولة الفاطمية |
| 650 | 0 | 4 | _aمصر القديمة |
| 650 | 0 | 4 | _aعباس حلمى الثانى 1914-1892 |
| 650 | 0 | 4 | _aثورة 23 يوليو 1952 |
| 650 | 0 | 4 | _aالدولة الايوبية |
| 650 | 0 | 4 | _aالخديوى توفيق (1879 - 1892) |
| 650 | 0 | 4 | _aالعصر اليونانى |
| 650 | 0 | 4 | _aالاحتلال البريطانى |
| 650 | 0 | 4 | _aالخديوى اسماعيل |
| 650 | 0 | 4 | _aالتاريخ البحرى |
| 650 | 0 | 4 | _aالقوات البحرية |
| 650 | 0 | 4 | _aالمعارك البحرية |
| 700 | 1 | _aنخبةمن الاساتذةالمتخصصين | |
| 942 |
_2ddc _cBK |
||
| 999 |
_c28309 _d28309 |
||